La guerre civile

Guardado en:
Detalles Bibliográficos
Autor principal: Julio César (Autor)
Formato: Libro
Lenguaje:francés
latín
Publicado: París Les Belles Lettres 1965
Edición:6a. ed
Colección:Collection des Universités de France
Materias:
Etiquetas: Agregar Etiqueta
Sin Etiquetas, Sea el primero en etiquetar este registro!

MARC

LEADER 00000nam a2200000 a 4500
001 UCO5786
003 CL-VaPUC
008 000915e19650000FR |||||||||||||||||fre|d
041 0 7 |a fre  |2 CL-VaPUC 
041 0 7 |a lat  |2 CL-VaPUC 
082 0 4 |a 937  |b CES  |2 21 
100 |a Julio César  |e author  |9 554667 
245 1 3 |a La guerre civile 
250 |a 6a. ed 
300 |a 2 v 
942 |c BK 
945 |d 20000915 00:00:00  |a crobeson 
260 |a París  |b Les Belles Lettres  |c 1965 
500 |a v.1: Livres I-II 
500 |a v.2: Livre III 
600 0 7 |a POMPEYO MAGNO, CNEO  |2 CL-VaPUC  |9 450607 
650 0 |a Historia romana  |9 322973 
650 0 |a República romana  |9 433651 
650 0 |a Imperio Romano  |9 322785 
650 0 |a Guerra civil  |9 320243 
650 7 |a ESCRITOS MILITARES  |2 CL-VaPUC  |9 255148 
651 0 |a Roma   |9 255106 
583 |a last modification  |c 20000915 00:00:00  |k Rodrigo Vera 
490 0 |a Collection des Universités de France 
999 |c 291616  |d 291614 
952 |0 0  |1 0  |4 0  |6 937_000000000000000_CES_1965  |7 0  |8 P  |9 341601  |a BIBART  |b BIBART  |d 2019-11-20  |h v.1  |i 1222686  |o 937 CES 1965  |p 1222686  |r 2025-03-13  |w 2019-11-20  |y BK  |k ART 
952 |0 0  |1 0  |4 0  |6 937_000000000000000_CES_1965  |7 0  |8 P  |9 341602  |a BIBART  |b BIBART  |d 2019-11-20  |h v.2  |i 1222694  |o 937 CES 1965  |p 1222694  |r 2025-03-13  |w 2019-11-20  |y BK  |k ART